Footballer Passports #2 - Statistics

General Stats
  • This quiz has been taken 285 times
  • The average score is 13 of 20
Answer Stats
Hint Answer % Correct
David Beckham
92%
Kylian Mbappé
91%
Zlatan Ibrahimović
85%
Antoine Griezmann
84%
Gareth Bale
81%
Harry Kane
81%
Diego Maradona
80%
Manuel Neuer
79%
Didier Drogba
78%
Frank Lampard
73%
Sergio Agüero
73%
Ansu Fati
69%
Alfredo Di Stéfano
68%
Alessandro Del Piero
52%
Éric Cantona
51%
Edgar Davids
46%
John Terry
44%
George Best
43%
Andy Cole
30%
Didier Deschamps
25%
No matching quizzes found
Score Distribution
Percent of People with Each Score
Percentile by Number Answered
Your Score History
You have not taken this quiz